Iniciación al trabajo escolar
Saved in:
| Corporate Authors: | , |
|---|---|
| Format: | Bog |
| Sprog: | spansk |
| Udgivet: |
Ciudad de México
SEP
1999
|
| Udgivelse: | 3a. ed |
| Serier: | Programa y Materiales de Apoyo para el Estudio 2§ semestre
|
| Fag: | |
| Tags: |
Tilføj Tag
Ingen Tags, Vær først til at tagge denne postø!
|
MARC
| LEADER | 00000nam a2200000 a 4500 | ||
|---|---|---|---|
| 001 | UCN9426 | ||
| 003 | CL-VaPUC | ||
| 008 | 011207e19990000MX |||||||||||||||||spa|d | ||
| 082 | 0 | 4 | |a 372.21 |b SEC |2 21 |
| 110 | 2 | |a Secretaría de Educación Pública |e author |9 466043 | |
| 710 | 2 | |a SEP |e author |9 466044 | |
| 245 | 1 | 0 | |a Iniciación al trabajo escolar |
| 250 | |a 3a. ed | ||
| 300 | |a 64 p | ||
| 942 | |c BK | ||
| 945 | |d 20011207 00:00:00 |a cmena | ||
| 260 | |a Ciudad de México |b SEP |c 1999 | ||
| 500 | |a Programa para la Transformación y el Fortalecimiento Académicos de las Escuelas Normales | ||
| 500 | |a Licenciatura en Educación Primaria | ||
| 650 | 0 | |a Educación básica |9 224933 | |
| 650 | 0 | |a Métodos de enseñanza |9 270413 | |
| 650 | 0 | |a Curriculos |9 343652 | |
| 583 | |a last modification |c 20011207 00:00:00 |k Rodrigo Vera | ||
| 490 | 0 | |a Programa y Materiales de Apoyo para el Estudio 2§ semestre | |
| 999 | |c 298857 |d 298855 | ||
| 952 | |0 0 |1 0 |4 0 |6 372_210000000000000_SEC_1999 |7 0 |8 A |9 354826 |a BIBEDU |b BIBEDU |d 2019-11-21 |i 3781313 |o 372.21 SEC 1999 |p 3781313 |r 2019-11-21 |w 2019-11-21 |y BK |k BME | ||